|
|
|
|
| LEADER |
00000nab a2200000 a 4500 |
| 001 |
vtls009180639 |
| 003 |
SK-MaSNL |
| 005 |
20260303051431.0 |
| 008 |
140512c20071115xo dr|p|||||||000 b|slo |
| 015 |
|
|
|a SNBRB2008/02
|2 snkbucl
|
| 040 |
|
|
|a SNKBUCL
|b slo
|c SNKBUCL
|e AACR2
|
| 041 |
0 |
|
|a slo
|
| 044 |
|
|
|a xo
|c SK
|
| 080 |
|
|
|a 323
|x (437.6)
|x "1989"
|2 2001
|
| 100 |
1 |
|
|a Budaj, Ján,
|d 1952-
|4 aut
|9 109636
|
| 245 |
1 |
0 |
|a Osemnásť. Sme už v cieli?
|c Ján Budaj
|
| 500 |
|
|
|a Od 15.1.2007 návrat k pôvodnému vročeniu
|
| 650 |
0 |
7 |
|a Nežná revolúcia (1989 : Československo)
|2 snkbucl
|9 176560
|
| 773 |
0 |
|
|t Sme
|g Roč. 15, č. 263 (15.11.2007)
|x 1335-440X
|
| 773 |
0 |
8 |
|t Kultúra
|g S. 39
|
| 852 |
|
|
|a SNK
|b KIS3GCP
|
| 958 |
|
|
|a SK
|
| 999 |
|
|
|c 1711513
|d 1713443
|